Catálogo de las consultas del Consejo de Indias : 1529-1591 /

Guardat en:
Dades bibliogràfiques
Autor principal: Heredia Herrera, Antonia (autor)
Format: Llibre
Idioma:espanyol
Col·lecció:(Archivo General de Indias)
Matèries:
Etiquetes: Afegir etiqueta
Sense etiquetes, Sigues el primer a etiquetar aquest registre!

MARC

LEADER 00000nam^a2200000^a^4500
001 000111381
005 20250521000000.0
009 20260310093829.867
037 |a Acervo ITESO - Biblioteca 
041 |a ESP 
082 |a 980. 01  |b HER 
100 |a Heredia Herrera, Antonia  |e (autor) 
245 1 0 |a Catálogo de las consultas del Consejo de Indias :  |b 1529-1591 /  |c A. Heredia Herrera. 
264 |a Madrid, España :  |b Dirección General de Archivos y Bibliotecas,  |c 1972 
300 |a 2 v. 
336 |a texto  |b txt  |2 rdacontenido 
337 |a sin mediación  |b n  |2 rdamedio 
338 |a volumen  |b nc  |2 rdasoporte 
440 1 |a (Archivo General de Indias) 
649 |a XX 
650 |a Latinoamérica -  |x Historia -  |x Catálogos 
650 |a América -  |x Historia -  |y Epoca Colonial 
910 |a Fondo Salvador Reynoso Reynoso 
920 |a Impresos - Libros 
930 |a Fondos Especiales 
905 |a 112 
901 |a 0800000748  |b IT2  |c ESP  |u 20250521 
901 |a 0800000749  |b IT2  |c ESP  |u 20250521 
902 |a https://opac.biblio.iteso.mx/vufind/Record/000111381